| 000 | 01237cam a2200241 4500 | ||
|---|---|---|---|
| 001 | L129550 | ||
| 008 | 050428n2005 000 0 eng u | ||
| 020 | _a9280725440 | ||
| 035 | _a(Sirsi) u129550 | ||
| 041 | _aeng | ||
| 050 |
_a333.72 _c18 |
||
| 100 | _aHarrison, Paul | ||
| 110 |
_aUnited Nations Environment Programme _93690 |
||
| 245 |
_aGeo yearbook 2004/5 _ban overview of our changing environment |
||
| 260 |
_bUNEP _c2005 |
||
| 300 | _a104p. | ||
| 520 | _aThe "GEO yearbook 2004/5" is the second in an important series, which serves as a guide for policy makers and a stimulus to future action towards the achievement of sustainable development. It aims to bridge the gap between science and policy by highlighting the major global and regional environment issues and developments of the year and their implications, focusing on major policy developments and instruments that have a bearing on sustainable development. | ||
| 590 | _aIKA190505 | ||
| 651 | 4 | _aInternational | |
| 690 | _aENVIRONMENTAL AND LAND CONSULTANCY-ENVIRONMENTAL MANAGEMENT | ||
| 856 |
_uhttps://www.unep.org/Documents.Multilingual/Default.asp?DocumentID=468&ArticleID=4729&l=en _zView the item free of charge at www.unep.org... |
||
| 942 | _n0 | ||
| 999 |
_c104228 _d104228 |
||